Report of the Third Pay Commission 1979-1981, Jammu and Kashmir (Record no. 489319)

000 -LEADER
fixed length control field 00408cam a22001337a 4500
008 - FIXED-LENGTH DATA ELEMENTS--GENERAL INFORMATION
fixed length control field 180718b1981 xxu||||| |||| 00| 0 eng d
082 ## - DEWEY DECIMAL CLASSIFICATION NUMBER
Classification number K23x5431 K151/3
100 ## - MAIN ENTRY--PERSONAL NAME
Personal name Jammu and Kashmir. Pay Commission
245 ## - TITLE STATEMENT
Title Report of the Third Pay Commission 1979-1981, Jammu and Kashmir
260 ## - PUBLICATION, DISTRIBUTION, ETC.
Place of publication, distribution, etc. Srinagar
Name of publisher, distributor, etc. The author
Date of publication, distribution, etc. 1981
300 ## - PHYSICAL DESCRIPTION
Extent 3v.
500 ## - GENERAL NOTE
General note Chairman: J.N. Bhat
700 ## - ADDED ENTRY--PERSONAL NAME
Personal name Bhat, J.N. (Chairman)
Holdings
Withdrawn status Lost status Damaged status Not for loan Permanent Location Current Location Date acquired Full call number Barcode Date last seen Price effective from Koha item type
        Indian Institute of Public Administration Indian Institute of Public Administration 2018-08-04 K23x5431 K151/3 G17061 2018-08-04 2018-08-04 G

Powered by Koha